Foreign relations of North Korea : (Record no. 21424)

MARC details
000 -LEADER
fixed length control field 01066cam a2200325 a 4500
001 - CONTROL NUMBER
control field 1642903
003 - CONTROL NUMBER IDENTIFIER
control field BDDh-ASL
005 - DATE AND TIME OF LATEST TRANSACTION
control field 20231015030007.0
008 - FIXED-LENGTH DATA ELEMENTS--GENERAL INFORMATION
fixed length control field 950718s1994 ko b 000 0 eng d
010 ## - LIBRARY OF CONGRESS CONTROL NUMBER
LC control number 96153164
020 ## - INTERNATIONAL STANDARD BOOK NUMBER
International Standard Book Number 8974293099
035 ## - SYSTEM CONTROL NUMBER
System control number (OCoLC)32834580
040 ## - CATALOGING SOURCE
Original cataloging agency IGleD
Transcribing agency IGleD
Modifying agency DLC
-- BDDh-ASL
041 1# - LANGUAGE CODE
Language code of text/sound track or separate title eng
Language code of original kor
042 ## - AUTHENTICATION CODE
Authentication code lccopycat
043 ## - GEOGRAPHIC AREA CODE
Geographic area code a-kn---
050 00 - LIBRARY OF CONGRESS CALL NUMBER
Classification number DS935.65
Item number .F668 1994
082 00 - DEWEY DECIMAL CLASSIFICATION NUMBER
Classification number 327.5193
Edition number 21
Item number FOR
245 00 - TITLE STATEMENT
Title Foreign relations of North Korea :
Remainder of title during Kim Il Sung's last days /
Statement of responsibility, etc. edited by Doug Joong Kim.
260 ## - PUBLICATION, DISTRIBUTION, ETC.
Place of publication, distribution, etc. Seoul, Korea :
Name of publisher, distributor, etc. Sejong Institute,
Date of publication, distribution, etc. c1994.
300 ## - PHYSICAL DESCRIPTION
Extent xii, 575 p. ;
Dimensions 23 cm.
504 ## - BIBLIOGRAPHY, ETC. NOTE
Bibliography, etc. note Includes bibliographical references (p. 537-575).
600 10 - SUBJECT ADDED ENTRY--PERSONAL NAME
Personal name Kim, Il-sŏng,
Dates associated with a name 1912-1994.
650 #0 - SUBJECT ADDED ENTRY--TOPICAL TERM
9 (RLIN) 1531
Topical term or geographic name entry element International Relations
651 #0 - SUBJECT ADDED ENTRY--GEOGRAPHIC NAME
Geographic name Korea (North)
General subdivision Foreign relations.
700 1# - ADDED ENTRY--PERSONAL NAME
Personal name Kim, Tŏk-chung.
906 ## - LOCAL DATA ELEMENT F, LDF (RLIN)
a 7
b cbc
c copycat
d 3
e ncip
f 19
g y-gencatlg
942 ## - ADDED ENTRY ELEMENTS (KOHA)
Source of classification or shelving scheme Dewey Decimal Classification
Koha item type Books
Holdings
Withdrawn status Lost status Source of classification or shelving scheme Damaged status Not for loan Collection code Home library Current library Shelving location Date acquired Source of acquisition Total Checkouts Full call number Barcode Date last seen Copy number Price effective from Koha item type
    Dewey Decimal Classification     Non-fiction Asiatic Society Library Asiatic Society Library General Stacks 02/01/2021 ASB Collection   327.5193 FOR 105137 02/01/2021 C-1 02/01/2021 Books

Powered by Koha